Rubén Darío en la prosa de Valle-Inclán

Salvato in:
Dettagli Bibliografici
Autore principale: Gil, Ildefonso-Manuel
Natura: Sconosciuto
Pubblicazione: Madrid, España: Centro Iberoamericano de Cooperación,
Soggetti:
Tags: Aggiungi Tag
Nessun Tag, puoi essere il primo ad aggiungerne!!

MARC

LEADER 000000000a22000000004500
001 001293
022 |a 0011-250X 
041 0 |a español 
092 0 |a Cuadernos Hispanoamericanos 
100 1 |a Gil, Ildefonso-Manuel 
245 1 0 |a Rubén Darío en la prosa de Valle-Inclán 
260 |a Madrid, España:   |b Centro Iberoamericano de Cooperación, 
650 4 |a DARIO, RUBEN, SEUDONIMO, 1867-1916 
773 0 |t Cuadernos Hispanoamericanos :   |b revista de cultura hispánica 
773 0 |g número 212-213 (agosto-septiembre de 1967) 
773 0 |g 1948- 
773 0 |g 472-480 páginas 
999 |c 1809  |d 1809